00573nam a2200181Ia 4500008004100000020001500041041000800056082001600064100002800080245004800108260004100156300001200197365001200209650001700221906001700238999001900255952011700274210719s2003 xx 000 0 und d a8172862121 aeng a519KAK CHAA aCHANDRASEKHARAIAH (D S) aApplied mathematics part II (graph theory). aBangalorebPrism books pvt ltdc2003 a394bPB b160cRs aGraph Theory aGraph theory c213694d213694 001040708MathematicsaALbALd2003-08-01g160.00l0o519KAK CHAApD02247r2021-07-19 00:00:00w2021-07-19yDB